| 000 | 00536nam a2200181Ia 4500 | ||
|---|---|---|---|
| 008 | 210719s2001 xx 000 0 und d | ||
| 041 | _aeng | ||
| 082 | _a820.33 SAMD | ||
| 100 | _aSAMAD (Abdus) | ||
| 245 | _aDawn of dreams Tr by Mehr Afshan Farooqi | ||
| 260 |
_aChennai _bMacmillan India Ltd. _c2001 |
||
| 300 |
_av--309 _bPB |
||
| 365 |
_b175 _cRs |
||
| 650 | _aIndian English Fiction | ||
| 650 | _aIndian English Literature | ||
| 700 | _aMehr Afshan Farooqi | ||
| 906 | _aAfshan ; by ; Dawn ; dreams ; Farooqi ; Mehr ; of ; Tr | ||
| 999 |
_c214908 _d214908 |
||